| 000 | 00000nas 2200000za 4500 |
| 001 | 9.500545 |
| 003 | CaOODSP |
| 005 | 20221107132901 |
| 007 | cr ||||||||||| |
| 008 | 150406c19999999onc|x p o||||f0 |0eng|d |
| 022 | |a1493-7565 |
| 040 | |aCaOODSP|beng |
| 041 | |aeng|afre |
| 043 | |an-cn--- |
| 086 | 1 |aYC30-PDF |
| 110 | 1 |aCanada. |bParliament. |bSenate. |bStanding Committee on Internal Economy, Budgets and Administration. |
| 210 | 0 |aProc. Standing Senate Comm. Intern. Econ. Budg. Adm. |b(Online) |
| 222 | 0|aProceedings of the Standing Senate Committee on Internal Economy, Budgets and Administration |b(Online) |
| 245 | 10|aProceedings of the Standing Committee on Internal Economy, Budgets and Administration |h[electronic resource] = |bDélibération du Comité sénatorial permanent de la régie interne, des budgets et de l'administration. |
| 246 | 11|aDélibération du Comité sénatorial permanent de la régie interne, des budgets et de l'administration |
| 260 | |aOttawa : |bSenate of Canada, |c1999- |
| 310 | |aIrregular |
| 362 | 1 |a36th Parliament, 2nd session, issue no.1 (Nov. 18, 1999)-- |
| 515 | |aNumbering begins each session with issue no. 1. |
| 546 | |aText in English and French. |
| 792 | |tProceedings of the Standing Senate Committee on Internal Economy, Budgets and Administration |efre|w(CaOODSP)9.500546 |